[Event "Nuremberg Zabo op 23rd"]
[Site "Nuremberg"]
[Date "2023.09.15"]
[Round "1"]
[White "Dersewski, Jonas"]
[Black "Mueller, Adrian"]
[Result "1-0"]
[WhiteElo "1427"]
[BlackElo "1100"]
[PlyCount "35"]
[EventDate "2023.09.15"]
[EventType "swiss"]
[EventRounds "5"]
[EventCountry "GER"]
[SourceTitle "EXT 2024"]
[Source "ChessBase"]
[SourceDate "2023.10.10"]
[SourceVersion "1"]
[SourceVersionDate "2023.10.10"]
[SourceQuality "1"]

1. e4 e5 2. Nf3 Nc6 3. c3 Bc5 4. d4 exd4 5. cxd4 Bb4+ 6. Nc3 Nf6 7. Bd3 0-0 8. e5 Nd5 9. Bxh7+ Kh8 10. Qd3 g6 11. Ng5 d6 12. 0-0 Nb6 13. e6 Bxe6 14. Nxe6 fxe6 15. Bxg6 Rg8 16. Qh3+ Kg7 17. Qh7+ Kf6 18. Qf7# 1-0